Elégies

Αποθηκεύτηκε σε:
Λεπτομέρειες βιβλιογραφικής εγγραφής
Κύριος συγγραφέας: Propercio (Συγγραφέας)
Μορφή: Βιβλίο
Γλώσσα:Γαλλικά
Λατινικά
Έκδοση: París Les Belles Lettres 1964
Έκδοση:3a. ed
Σειρά:Collection des Universités de France
Θέματα:
Ετικέτες: Προσθήκη ετικέτας
Δεν υπάρχουν, Καταχωρήστε ετικέτα πρώτοι!

MARC

LEADER 00000nam a2200000 a 4500
001 UCM7075
003 CL-VaPUC
008 021129e19640000FR |||||||||||||||||fre|d
041 0 7 |a fre  |2 CL-VaPUC 
041 0 7 |a lat  |2 CL-VaPUC 
082 0 4 |a 871  |b PRO  |2 21 
100 0 |a Propercio  |e author  |9 472800 
245 1 0 |a Elégies 
250 |a 3a. ed 
300 |a 175 p 
942 |c BK 
945 |d 20021129 00:00:00  |a cmena 
260 |a París  |b Les Belles Lettres  |c 1964 
650 7 |a POESIAS LATINAS  |2 CL-VaPUC  |9 472801 
650 0 |a Literatura latina   |9 258055 
583 |a last modification  |c 20021129 00:00:00  |k Rodrigo Vera 
490 0 |a Collection des Universités de France 
999 |c 302110  |d 302108 
952 |0 0  |1 0  |4 0  |6 871_000000000000000_PRO_1964  |7 0  |8 DER_ROM  |9 362153  |a BIBDER  |b BIBDER  |d 2019-11-21  |i 3864758  |o 871 PRO 1964  |p 3864758  |r 2023-01-25  |w 2019-11-21  |x Ubicación 4to piso  |y BK  |z Este recurso debe solicitarse con anticipación  |k DER